header

Economic aspects of health (Record no. 153479)

MARC details
000 -LEADER
fixed length control field 01715nam a2200385 a 4500
082 04 - DEWEY DECIMAL CLASSIFICATION NUMBER
Classification number 362.1/042
245 00 - TITLE STATEMENT
Title Economic aspects of health
260 ## - PUBLICATION, DISTRIBUTION, ETC. (IMPRINT)
Place of publication Chicago :
Name of publisher University of Chicago Press,
Year of publication c1982.
300 ## - PHYSICAL DESCRIPTION
Number of Pages ix, 333 p. :
Other physical details ill.
490 1# - SERIES STATEMENT
Series statement A Conference report / National Bureau of Economic Research
500 ## - GENERAL NOTE
General note "Papers ... presented at the Second NBER Conference on Health Economics held at Stanford, California on 30-31 July 1980"--Introd.
505 0# - FORMATTED CONTENTS NOTE
Formatted contents note pt. 1. Determinants of health -- pt. 2. Consequences of ill health -- pt. 3. Health and public policy.
650 #0 - SUBJECT ADDED ENTRY--TOPICAL TERM
Topical Term Medical economics
Topical Term Health status indicators
700 1# - ADDED ENTRY--PERSONAL NAME
Personal name Fuchs, Victor R.
856 40 - ELECTRONIC LOCATION AND ACCESS
Uniform Resource Identifier http://site.ebrary.com/lib/rucke/Doc?id=10230018

No items available.

© 2026 Rongo University
Contact us: librarian | system librarian | Rongo university